Imperial Ranks 7 - Statistics

General Stats
  • This quiz has been taken 2 times
  • The average score is 2 of 12
Answer Stats
Hint Answer % Correct
HC-3 Director
100%
O-2 Agent
50%
C-2 Assistant Bureau Chief
0%
O-6 Assistant Chief
0%
C-3 Bureau Chief
0%
C-1 Chief
0%
C-5 Deputy Director
0%
O-1 Junior Agent
0%
O-3 Senior Agent
0%
O-5 Special Agent
0%
O-4 Staff Agent
0%
E-6 Trainee
0%
No matching quizzes found
Score Distribution
Percent of People with Each Score
Percentile by Number Answered
Your Score History
You have not taken this quiz